| 000 | 01131cam a2200289 a 4500 | ||
|---|---|---|---|
| 003 | EG-GiCUC | ||
| 005 | 20250223030344.0 | ||
| 008 | 110208s1996 ua d f m 000 0 eng d | ||
| 040 |
_aEG-GiCUC _beng _cEG-GiCUC |
||
| 041 | 0 | _aeng | |
| 049 | _aDeposite | ||
| 097 | _aM.Sc | ||
| 099 | _aCai01.13.05.M.Sc.1996.Eh.C | ||
| 100 | 0 | _aEhab Nabil Nasief Mina | |
| 245 | 1 | 0 |
_aCalibration of electronic distance measurement instruments in Egypt / _cEhab Nabil Nasief Mina ; Supervised Youssef Ebrahim Abdelaziz , Dalal Sobhy Alnagar , Ashraf Nasr Said |
| 246 | 1 | 5 | _aمعايرة أجهزة قياس المسافات الكترونيا فى مصر |
| 260 |
_aCairo : _bEhab Nabil Nasief Mina , _c1996 |
||
| 300 |
_a77P. : _bcharts ; _c25cm |
||
| 502 | _aThesis (M.Sc.) - Cairo University - Faculty of Engineering - Department of Civil Engineering | ||
| 700 | 0 |
_aAshraf Nasr Said , _eSupervisor |
|
| 700 | 0 |
_aDalal Sobhy Alnagar , _eSupervisor |
|
| 700 | 0 |
_aYoussef Ebrahim Abdelaziz , _eSupervisor |
|
| 856 | _uhttp://172.23.153.220/th.pdf | ||
| 905 |
_aFatma _eCataloger |
||
| 905 |
_aNazla _eRevisor |
||
| 942 |
_2ddc _cTH |
||
| 999 |
_c32947 _d32947 |
||